|
|
|
|
| LEADER |
00000nab a2200000 a 4500 |
| 001 |
vtls000576992 |
| 003 |
SK-MaSNL |
| 005 |
20260304085419.0 |
| 008 |
250425c1995 xo 0 slo |
| 015 |
|
|
|a SNBRB19rr/mm-uuuuu
|
| 035 |
|
|
|a CL0577130
|
| 035 |
|
|
|a (urnnbn)urn:nbn:sk:snk:ar-0029xf
|
| 035 |
|
|
|a (uuid)384a8e79-dea3-464d-a58e-e257f068214e
|
| 035 |
|
|
|a urn:nbn:sk:snk-ab7r9h
|
| 040 |
|
|
|a SNKBUCL
|b slo
|c SNKBUCL
|e AACR2
|
| 041 |
0 |
|
|a slo
|
| 044 |
|
|
|a xo
|c SK
|
| 080 |
|
|
|a 726.52(437.6):728.8
|2 1981
|
| 080 |
|
|
|a 728.8
|2 1981
|
| 100 |
1 |
|
|a Gojdič, Ivan,
|d 1948-
|4 aut
|9 236021
|
| 245 |
1 |
0 |
|a Kaplnka Zvolenského zámku - aká bola a aká je
|c Ivan Gojdič
|
| 300 |
|
|
|b Obr. 8
|
| 610 |
2 |
7 |
|a Zvolenský zámok
|2 snkbucl
|9 231245
|
| 650 |
0 |
7 |
|a kaplnky
|2 snkbucl
|9 3026
|
| 655 |
|
7 |
|a články z novín a časopisov
|2 snkbucl
|9 267496
|
| 773 |
0 |
|
|t Pamiatky a múzeá
|g Č. 4 (1995), s. 26-31
|
| 850 |
|
|
|a Slovenská národná knižnica
|
| 852 |
|
|
|a Slovenská národná knižnica
|
| 954 |
|
|
|a odborná, vedecká literatúra pôvodná (slovenská)
|2 lita
|
| 958 |
|
|
|a article9
|
| 958 |
|
|
|a RK
|
| 958 |
|
|
|a SK
|
| 958 |
|
|
|a OND
|
| 958 |
|
|
|a EUIPO
|
| 992 |
|
|
|a RBX
|
| 999 |
|
|
|c 2807939
|d 2809869
|